Buildings and projects
Saved in:
| Hovedforfatter: | |
|---|---|
| Format: | Bog |
| Sprog: | engelsk fransk tysk |
| Udgivet: |
Zurich
Girsberger
1951
|
| Fag: | |
| Tags: |
Tilføj Tag
Ingen Tags, Vær først til at tagge denne postø!
|
MARC
| LEADER | 00000nam a2200000 a 4500 | ||
|---|---|---|---|
| 001 | UCT1753 | ||
| 003 | CL-VaPUC | ||
| 005 | 20250228090209.0 | ||
| 008 | 961004e19510000SZ |||||||||||||||||eng|d | ||
| 999 | |c 252204 |d 252202 | ||
| 040 | |c Pontificia Universidad Católica de Valparaíso | ||
| 041 | 0 | 7 | |a eng |2 CL-VaPUC |
| 041 | 0 | 7 | |a fre |2 CL-VaPUC |
| 041 | 0 | 7 | |a ger |2 CL-VaPUC |
| 082 | 0 | 4 | |a 720.92 |b NEU |2 21 |
| 100 | |a Neutra, Richard J. |e author |9 875532 | ||
| 245 | 1 | 0 | |a Buildings and projects |
| 246 | 1 | 0 | |a Réalisations et projets |
| 246 | 1 | 0 | |a Bauten und projekte |
| 260 | |a Zurich |b Girsberger |c 1951 | ||
| 300 | |a 239 p | ||
| 583 | |a last modification |c 19961004 00:00:00 |k Rodrigo Vera | ||
| 650 | 0 | |a Arquitectura |9 804558 | |
| 650 | 0 | |a Construcción |9 260195 | |
| 650 | 0 | |a Proyectos |9 337967 | |
| 650 | 0 | |a Vivienda |9 258662 | |
| 650 | 0 | |a Edificios |9 260501 | |
| 650 | 0 | |a Elementos estructurales |9 350100 | |
| 650 | 0 | |a Educación |9 258661 | |
| 650 | 0 | |a Ciudades |9 265474 | |
| 942 | |c BK |2 ddc | ||
| 945 | |d 19961004 00:00:00 |a rleighto | ||
| 952 | |0 0 |1 0 |2 ddc |4 0 |6 720_920000000000000_NEU_1951 |7 0 |8 A |9 271937 |a BIBARQ |b BIBARQ |c PAC |d 2019-11-19 |i 3235890 |o 720.92 NEU 1951 |p 3235890 |r 2025-01-20 |w 2019-11-19 |y BK |k ARQ | ||